Cases in strategic management
Αποθηκεύτηκε σε:
| Κύριος συγγραφέας: | |
|---|---|
| Άλλοι συγγραφείς: | |
| Μορφή: | Βιβλίο |
| Γλώσσα: | English |
| Δημοσίευση: |
Cambridge :
Blackwell,
1997
|
| Θέματα: | |
| Ετικέτες: |
Προσθήκη ετικέτας
Δεν υπάρχουν, Καταχωρήστε ετικέτα πρώτοι!
|
MARC
| LEADER | 00000nam a2200000 i 4500 | ||
|---|---|---|---|
| 001 | 1/55847 | ||
| 008 | 980427s1997 eng d | ||
| 020 | |a 1557866511 | ||
| 035 | |l 10027921 | ||
| 040 | |a GR-MY-UA |b gre |e aacr | ||
| 041 | 0 | |a eng | |
| 082 | 0 | |a 658.4012 | |
| 100 | 1 | |a Grigsby, David W. | |
| 245 | 1 | 0 | |a Cases in strategic management / |c David W. Grigsby ; Michael J. Stahl |
| 260 | |a Cambridge : |b Blackwell, |c 1997 | ||
| 300 | |a ix, 454 p. | ||
| 504 | |a Includes index | ||
| 650 | 0 | 0 | |a Strategic planning. |
| 650 | 0 | 0 | |a Strategic planning |v Case studies. |
| 700 | 1 | |a Stahl, Michael J. | |
| 852 | |a INST |b CHIOS |e 19980427 |h 658.4012 GRI |p 005200016618 |q 005200016618 |t BK |y 0 | ||
| 901 | |a BIBL-1998-1 | ||
| 909 | |a Χ |b 054432 | ||
| 922 | |a 2ΕΛΗ |b 199803 |c ΤΔΕ |d ΠΑΠΑΣΩΤΗΡΙΟΥ | ||